000 01139nam a22004217a 4500
001 BR2011007463
003 BR-BrBNA
005 20230928103813.0
007 ta
008 230509b bl.||||| |||| 00| 0 por d
040 _aBR-BrBNA
_bpor
_cBiblioteca Nacional de Agricultura
041 _a(Por)
072 _aP06
_b0312
_b9530
090 _ 0312 BR2011007463
100 1 _aFurlan Júnior, J.
100 1 _aKaltner, F.J.
100 1 _aAzevedo, G.F.P.
100 1 _aCampos, I.A.
110 1 _aEMBRAPA Amazônia Oriental, Belém, PA (Brasil)
245 1 _aBiodiesel: porque tem que ser dendê
260 3 _aBelém, PA (Brasil):
_c2006.
300 _a205 p.
500 _aBibliography p. 193-204 (102 ref.); 27 illus.; 59 tables
650 _aDENDE
650 _aÓLEO
650 _aSOJA
650 _aMAMONA
650 _aRICINUS COMMUNIS
650 _aPINHÃO DE PURGA
650 _aHELIANTHUS ANNUUS
650 _aGIRASSOL
650 _aPLANTA OLEAGINOSA
650 _aBIOCOMBUSTÍVEL
650 _aCADEIA PRODUTIVA
650 _aPRODUTIVIDADE
909 _a202309
_bLucia
_c55
_dLucia Elande
942 _cBK
999 _c76711
_d76711